European Competitions Top 5 Scorers: 2024/25 - Statistics

General Stats
  • This quiz has been taken 5 times
  • The average score is 10 of 25
Answer Stats
Competition Goals Club Nationality Player % Correct
Champions League 11 Bayern Munich England Harry Kane
100%
Champions League 13 Barcelona Brazil Raphinha
100%
Champions League 11 Barcelona Poland Robert Lewandowski
100%
Champions League 13 Borussia Dortmund Guinea Serhou Guirassy
100%
Europa League 7 Manchester United Portugal Bruno Fernandes
80%
Champions League 9 Inter Argentina Lautaro Martinez
80%
Europa League 6 Manchester United Denmark Rasmus Hojlund
80%
Europa League 6 Galatasaray Nigeria Victor Osimhen
80%
Conference League 7 Real Betis DR Congo Cedric Bakambu
60%
Europa League 6 Ferencvaros Hungary Barnabas Varga
40%
Conference League 5 Chelsea France Christopher Nkunku
40%
Europa League 7 Olympiacos Morocco Ayoub El Kaabi
20%
Conference League 5 Rapid Vienna Croatia Dion Beljo
20%
Europa League 7 Bodo/Glimt Denmark Kasper Hogh
20%
Conference League 5 Istanbul Basaksehir Poland Krzysztof Piatek
20%
Europa League 6 Lyon Belgium Malick Fofana
20%
Conference League 5 TSC Serbia Milos Pantovic
20%
Europa League 6 Porto Spain Samu Aghehowa
20%
Europa League 6 Rangers Czechia Vaclav Cerny
20%
Europa League 6 Fenerbahce Morocco Youssef En-Nesyri
20%
Conference League 8 Jagiellonia DR Congo Afimico Pululu
0%
Conference League 6 Celje Lithuania Armandas Kucys
0%
Conference League 5 Shamrock Rovers Ireland Johnny Kenny
0%
Conference League 6 Chelsea Spain Marc Guiu
0%
Conference League 5 Fiorentina Italy Rolando Mandragora
0%
No matching quizzes found
Score Distribution
Percent of People with Each Score
Percentile by Number Answered
Your Score History
You have not taken this quiz